[Event "Thrissur op (Women)"]
[Site "Thrissur"]
[Date "2013.08.02"]
[Round "10"]
[White "Savant, Riya"]
[Black "Ramaswamy, Aarthie"]
[Result "1/2-1/2"]
[WhiteElo "1968"]
[BlackElo "2091"]
[PlyCount "36"]
[EventDate "2013.07.26"]
[EventType "swiss"]
[EventRounds "11"]
[EventCountry "IND"]
[SourceTitle "EXT 2014"]
[Source "ChessBase"]
[SourceDate "2013.11.20"]
[SourceVersion "1"]
[SourceVersionDate "2013.11.20"]
[SourceQuality "1"]

1. d4 d5 2. Nf3 Bf5 3. g3 c6 4. Bg2 e6 5. 0-0 h6 6. Nbd2 Nf6 7. c4 Nbd7 8. b3 Bd6 9. Re1 Qb8 10. Bb2 0-0 11. Qc1 Re8 12. Bc3 Ne4 13. Nxe4 Bxe4 14. Nd2 Bxg2 15. Kxg2 Nf6 16. e4 dxe4 17. Nxe4 Nxe4 18. Rxe4 e5 1/2-1/2

[Event "Thrissur op (Women)"]
[Site "Thrissur"]
[Date "2013.07.29"]
[Round "6"]
[White "Savant, Riya"]
[Black "Michelle, Catherina P"]
[Result "1/2-1/2"]
[WhiteElo "1968"]
[BlackElo "2134"]
[PlyCount "66"]
[EventDate "2013.07.26"]
[EventType "swiss"]
[EventRounds "11"]
[EventCountry "IND"]
[SourceTitle "EXT 2014"]
[Source "ChessBase"]
[SourceDate "2013.11.20"]
[SourceVersion "1"]
[SourceVersionDate "2013.11.20"]
[SourceQuality "1"]

1. d4 Nf6 2. g3 e6 3. Bg2 d5 4. Nf3 b5 5. 0-0 Nbd7 6. b3 Bb7 7. Nbd2 Be7 8. c4 bxc4 9. bxc4 dxc4 10. Nxc4 0-0 11. Bb2 Rb8 12. Qc1 c5 13. dxc5 Bxc5 14. Ba3 Rc8 15. Qb2 Bxa3 16. Nxa3 Bd5 17. Nc2 Qa5 18. Ne3 Ba8 19. Rfd1 h6 20. Rac1 Rxc1 21. Rxc1 Rb8 22. Qd2 Qxd2 23. Nxd2 Bxg2 24. Kxg2 Rb2 25. Rc2 Rxc2 26. Nxc2 Nd5 27. e3 Nc3 28. a3 Nb6 29. Kf3 Kf8 30. e4 Nb5 31. Ke3 Na4 32. Nc4 Nb6 33. Nxb6 axb6 1/2-1/2

[Event "IND-ch U13 Girls"]
[Site "Puducherry"]
[Date "2013.07.07"]
[Round "10"]
[White "Bidhar, Rutumbara"]
[Black "Savant, Riya"]
[Result "1/2-1/2"]
[WhiteElo "1698"]
[BlackElo "1966"]
[PlyCount "95"]
[EventDate "2013.06.30"]
[EventType "swiss"]
[EventRounds "11"]
[EventCountry "IND"]
[SourceTitle "EXT 2014"]
[Source "ChessBase"]
[SourceDate "2013.11.20"]
[SourceVersion "1"]
[SourceVersionDate "2013.11.20"]
[SourceQuality "1"]

1. e4 c5 2. Nf3 g6 3. d4 cxd4 4. Nxd4 Bg7 5. Nc3 Nc6 6. Be3 Nf6 7. Bc4 0-0 8. Bb3 d6 9. f3 Bd7 10. a4 Na5 11. 0-0 a6 12. Qd2 e5 13. Nde2 Nxb3 14. cxb3 Be6 15. Nd5 Bxd5 16. exd5 Re8 17. Ng3 e4 18. fxe4 Nxe4 19. Nxe4 Rxe4 20. Rae1 a5 21. Rf4 Re5 22. Rff1 Qc7 23. Bf2 Rxe1 24. Rxe1 Rc8 25. h3 Be5 26. Be3 Qc2 27. Rc1 Qxc1+ 28. Qxc1 Rxc1+ 29. Bxc1 Kg7 30. Kf2 f5 31. Ke3 Kf6 32. Kd3 Bg3 33. Bd2 Ke5 34. Kc4 Ke4 35. Bxa5 g5 36. Bb6 g4 37. hxg4 fxg4 38. b4 h5 39. a5 h4 40. b5 h3 41. gxh3 gxh3 42. a6 bxa6 43. bxa6 h2 44. a7 h1Q 45. a8Q Qf1+ 46. Kb4 Be1+ 47. Ka3 Qd3+ 48. b3 1/2-1/2

[Event "IND-ch U13 Girls"]
[Site "Puducherry"]
[Date "2013.07.06"]
[Round "9"]
[White "Savant, Riya"]
[Black "Meera, D."]
[Result "1-0"]
[WhiteElo "1966"]
[BlackElo "1715"]
[PlyCount "147"]
[EventDate "2013.06.30"]
[EventType "swiss"]
[EventRounds "11"]
[EventCountry "IND"]
[SourceTitle "EXT 2014"]
[Source "ChessBase"]
[SourceDate "2013.11.20"]
[SourceVersion "1"]
[SourceVersionDate "2013.11.20"]
[SourceQuality "1"]

1. d4 d5 2. Nf3 Nf6 3. g3 Bf5 4. Bg2 e6 5. 0-0 h6 6. Nbd2 Be7 7. c4 c6 8. b3 0-0 9. Bb2 Nbd7 10. Ne5 Nxe5 11. dxe5 Nd7 12. Re1 Nc5 13. b4 Ne4 14. Nxe4 dxe4 15. Qb3 c5 16. b5 Qc7 17. h4 a6 18. Rec1 axb5 19. cxb5 b6 20. Rc4 Qb7 21. a4 Rfd8 22. Qc2 Qd5 23. Bxe4 Bxe4 24. Rxe4 Rd7 25. Re3 Rad8 26. Rc1 Qa8 27. Rd3 Rxd3 28. exd3 Qf3 29. d4 Rd5 30. Qc4 cxd4 31. Bxd4 Bxh4 32. Bxb6 Bg5 33. Re1 Bd2 34. Qe4 Qc3 35. Re2 Bg5 36. Kg2 g6 37. Rc2 Qa1 38. Ba5 Rd1 39. Bc3 Rg1+ 40. Kh2 Qd1 41. Re2 Rh1+ 42. Qxh1 Qxe2 43. Qa8+ Kg7 44. Kg2 Qc2 45. Bd4 Qd2 46. Bc5 Qd7 47. Bd6 Bd8 48. a5 f6 49. Qc6 Qxc6+ 50. bxc6 Bxa5 51. c7 Bxc7 52. Bxc7 fxe5 53. Bxe5+ Kf7 54. Kf3 g5 55. Ke4 Kg6 56. g4 h5 57. f3 hxg4 58. fxg4 Kf7 59. Bc3 Kg6 60. Ke5 Kg7 61. Kxe6+ Kg6 62. Bd2 Kh6 63. Kf5 Kg7 64. Bxg5 Kf7 65. Bf6 Kg8 66. g5 Kf8 67. Bd4 Kg8 68. g6 Kf8 69. Kf6 Kg8 70. g7 Kh7 71. Kf7 Kh6 72. g8Q Kh5 73. Qg3 Kh6 74. Qg6# 1-0